NBA Second Round Playoff Teams - Sudden Death - Statistics

General Stats
  • This quiz has been taken 133 times
  • The average score is 6 of 8
Answers on the Grid
Answers color-coded by a green-red scale on the quiz's grid according to % correct below.
Bucks
Cavaliers
Celtics
Clippers
Grizzlies
Heat
Knicks
Lakers
Magic
Nuggets
Pacers
Pistons
Rockets
Thunder
Timberwolves
Warriors
 
Answer Stats
Answer % Correct
Cavaliers
88%
Celtics
88%
Knicks
82%
Thunder
81%
Pacers
80%
Timberwolves
77%
Nuggets
76%
Warriors
74%
No matching quizzes found
Score Distribution
Percent of People with Each Score
Percentile by Number Answered
Your Score History
You have not taken this quiz